| 000 | 00363nam a2200157Ia 4500 | ||
|---|---|---|---|
| 003 | OSt | ||
| 008 | 191201s2008 xx 000 0 und d | ||
| 082 |
_a658.406 _bSIL |
||
| 100 | _aSINHA,Neeta | ||
| 245 | 0 | _aLearning Organization - Concepts And Practices | |
| 250 | _a1st | ||
| 260 |
_aHyderabad _bIUP _c2008 |
||
| 300 | _a205 | ||
| 650 | _aMBA | ||
| 942 |
_2ddc _cBK |
||
| 999 |
_c4743 _d4743 |
||